| 000 | 00522nam a2200181Ia 4500 | ||
|---|---|---|---|
| 008 | 180207s9999 xx 000 0 und d | ||
| 020 | _a9780201406948 | ||
| 050 | _bB827 1996 | ||
| 100 | _aBrazelton, T. Berry | ||
| 245 | _aGoing to the doctor / | ||
| 245 | _cT. Berry Brazelton ; drawings by Alfred Womack ; photographs by Sam Ogden. | ||
| 260 | _aNew York : | ||
| 260 | _bAddison-Wesley Publishing Company, Inc., | ||
| 260 | _c1996 | ||
| 300 | _a48 pages : | ||
| 300 | _bcolor illustration ; | ||
| 300 | _c25cm. | ||
| 999 |
_c355434 _d355434 |
||